| 000 | 00672nam a2200241 a 4500 | ||
|---|---|---|---|
| 001 | 0001-1056 | ||
| 003 | ELIB.Books | ||
| 008 | 141205 2010 eng | ||
| 020 | _a16826086 | ||
| 035 | _a(ELIB.Books)0001-1211 | ||
| 092 |
_a230 _bLon |
||
| 100 | _aLongchar, A. Wati. | ||
| 245 |
_aReturning to Mother Earth: _bTheology Christian Witness & Theological Education an Indigenous Perspective |
||
| 260 |
_aTaiwan: _bPTCA _c2012 |
||
| 300 |
_a315 _c21 Cm |
||
| 500 | _aLibrary | ||
| 650 | _aTheology | ||
| 856 |
_nKBTS; Library _uKBTS; Elib. |
||
| 942 |
_2ddc _cBK |
||
| 990 | _a1 | ||
| 998 |
_cbat _e2014-12-05 _mcat _u2018-12-10 |
||
| 999 |
_c11056 _d11056 |
||